| 000 | 00467nam a22001457a 4500 | ||
|---|---|---|---|
| 005 | 20251103194414.0 | ||
| 008 | 251103b |||||||| |||| 00| 0 eng d | ||
| 050 |
_aRZ999 _b.T48 |
||
| 100 | _aWyatt, Hamilton | ||
| 245 |
_aTherapeutic Touch: Promoting and Assessing Conceptual Change among Health Care Professionals _cHamilton Wyatt & Gwen Karilyn |
||
| 260 |
_aAnn Arbor _bU. M.I. _c1988 |
||
| 300 |
_a195p. _bill. _c21cm |
||
| 700 | _aKarilyn, Qwen | ||
| 942 |
_2lcc _cBK _n0 |
||
| 999 |
_c8014 _d8014 |
||